00462ntaaa2200181 45000030003000000050017000030080021000200400037000410820017000781000018000952450014001132500010001272600042001373000014001795000047001936500017002406500023002570120251027202747.00714s1973 ag 01  aAR-BaBNbspacAR-BaBNeaacrdRIC a793.0000 H21 aHarbin, E.O.  aPhunology a1 ed. aNashville : bAbingdon Press, cc1961 aix, 397 p aOne thousand games and entertainment plans arecreación areuniones sociales